| 000 | 01030nam a2200253 a 4500 | ||
|---|---|---|---|
| 008 | |||
| 020 | _a044486332X (cased) | ||
| 049 | _aMAIN | ||
| 090 |
_aQC794.8.H4 _bDYN |
||
| 111 | 2 |
_aAdriatic Europhysics Study Conference on the Dynamics of Heavy-ion Collisions _n(3rd : _c1981 : _dHvar, Croatia) |
|
| 245 | 1 | 0 |
_aDynamics of heavy-ion collisions : _bproceedings of the 3rd Adriatic Europhysics Study Conference on the Dynamics of Heavy-ion Collisions, Hvar, Croatia, Yugoslavia, May 25-30, 1981 / _cedited by Nikola Cindro, Renato A. Ricci and Walter Greiner. |
| 260 |
_aAmsterdam : _bNorth-Holland Pub. Co., _cc1981. |
||
| 300 |
_axv, 382 p. : _bill. ; _c23 cm. |
||
| 504 | _aIncludes bibliographical references. | ||
| 650 | 0 |
_aHeavy ions _vCongresses. |
|
| 700 | 1 | _aCindro, Nikola. | |
| 700 | 1 | _aRicci, R.A. | |
| 700 | 1 | _aGreiner, Walter.- | |
| 907 |
_a.b10048340 _b16-08-11 _c17-04-03 |
||
| 003 | |||
| 005 | 20230123133221.0 | ||
| 040 | _cNUST | ||
| 942 |
_cBOOKS _kQC794.8.H4 _mDYN |
||
| 999 |
_c144752 _d144752 |
||